000 00603nam a22001817a 4500
999 _c176637
_d176637
005 20210119125627.0
010 _aENG-128775
020 _c200.00
_a81-7478-173-0
035 _aEN-112307
037 _bDBAD/PUB
082 _a651.752
100 _aSundararajan, N
245 _aArt of Writing Business Letters/
_bby N. Sundararajan
260 _aChennai
_bSura College of Competition
_c2018
270 _bChennai
_e600040
_a1620, J Block, 16th Main Road, Anna Nagar
_k044-26162173, 261161099
_menquiry@surabooks.com
300 _a240p.
_c20cm(pbk)
942 _2ddc
_cEN
_h651.752
_mSUN